01365nam a2200313Ia 450000500170000000800410001702000190005810000320007724500780010925000400018730000610022749000230028850502250031152100510053665000550058765000540064265000370069665000360073365000380076970000470080794200150085426400330086933600270090233700330092933800280096204000350099008400110102599900150103620220317001022.0160825s2009 ck a g 000 0 spa  a978958300460121 aQuiroga, Horaciod1878-193710aCuentos de la selvacHoracio Quiroga ; ilustraciones de Esperanza Vallejo a1a. edición b13a. reimpresión  a186 páginas bilustraciones en blanco y negro b22 cm  aLiteratura juvenil aLa tortuga gigante ; Las medias de los flamencos ; El loro pelado ; La guerra de los Yacarés ; La gama ciega ; Historia de dos cachorros de coatí y dos cachorros de hombre ; El paso del Yabebirí ; La abeja haragana aRecomendado para niños a partir de 10 años142LEMBaCuentos infantiles uruguayos ySiglos XIX-XX142LEMBaLiteratura infantil uruguayaySiglos XIX-XX142LEMBaAventuras en la literatura142LEMBaAnimales en la literatura142LEMBaNaturaleza en la literatura1 aVallejo Jaramillo, Esperanzad1951-910731 2loccBKINF aBogotábPanamericanac2009 atextobtxt2rdacontent asin mediaciónbn2rdamedia avolumenbnc2rdacarrier aCO-BoRNBPbspaerdacCO-BoRNBP aC QUI1 c5690d5690